000 01422nam a2200361Ia 4500
001 ebr10402777
003 CaPaEBR
006 m u
007 cr cn|||||||||
008 100107s2010 inu sb 001 0 eng d
010 _z 2009054116
020 _z9780253354792 (cl : alk. paper)
020 _z9780253221995 (pb : alk. paper)
040 _aCaPaEBR
_cCaPaEBR
035 _a(OCoLC)659590140
050 1 4 _aBP52
_b.I855 2010eb
082 0 4 _a297.09
_222
245 0 0 _aIslamophobia/Islamophilia
_h[electronic resource] :
_bbeyond the politics of enemy and friend /
_cedited by Andrew Shryock.
260 _aBloomington :
_bIndiana University Press,
_c2010.
300 _avii, 250 p.
490 1 _aIndiana series in Middle East studies
504 _aIncludes bibliographical references and index.
533 _aElectronic reproduction.
_bPalo Alto, Calif. :
_cebrary,
_d2011.
_nAvailable via World Wide Web.
_nAccess may be limited to ebrary affiliated libraries.
650 0 _aIslam
_xPublic opinion.
650 0 _aMuslims
_xPublic opinion.
650 0 _aIslam and culture.
650 0 _aIslam and politics.
655 7 _aElectronic books.
_2local
700 1 _aShryock, Andrew.
710 2 _aebrary, Inc.
830 0 _aIndiana series in Middle East studies.
856 4 0 _uhttp://site.ebrary.com/lib/rucke/Doc?id=10402777
_zAn electronic book accessible through the World Wide Web; click to view
999 _c200370
_d200370